[Event "Herlev "]
[Site "Herlev"]
[Date "1997.??.??"]
[Round "7"]
[White "Petersen, Steen"]
[Black "Hartvig, Ove Weiss"]
[Result "0-1"]
[WhiteElo "2140"]
[BlackElo "2290"]
[PlyCount "74"]
[EventDate "1997.??.??"]
[EventType "swiss"]
[EventRounds "9"]
[EventCountry "DEN"]
[Source "ChessBase"]
[SourceDate "1998.11.10"]

1. Nf3 g6 2. c4 Bg7 3. Nc3 e5 4. d4 exd4 5. Nxd4 Nc6 6. Nxc6 bxc6 7. Qc2 Ne7 8.
b3 d5 9. cxd5 cxd5 10. e3 d4 11. exd4 Qxd4 12. Bb2 Bf5 13. Qc1 O-O 14. Be2 Rfe8
15. O-O Nd5 16. Nd1 Nf4 17. Bf3 Qd3 18. Ne3 Be4 19. Bxe4 Qxe4 20. Qb1 Qc6 21.
Rc1 Ne2+ 22. Kf1 Nxc1 23. Bxg7 Kxg7 24. Qb2+ Qf6 25. Qxf6+ Kxf6 26. Rxc1 Rac8
27. Rc5 c6 28. Ke2 h5 29. Kd3 Red8+ 30. Kc3 Rd6 31. b4 Rcd8 32. Nc4 Re6 33. Ne3
Ke7 34. a3 Red6 35. Nc4 Re6 36. Ne5 Rd1 37. Nxc6+ Rxc6 0-1

[Event "Herlev "]
[Site "Herlev"]
[Date "1997.??.??"]
[Round "5"]
[White "Petersen, Steen"]
[Black "Nilsson, Nils Specht"]
[Result "1-0"]
[WhiteElo "2140"]
[BlackElo "2225"]
[PlyCount "87"]
[EventDate "1997.??.??"]
[EventType "swiss"]
[EventRounds "9"]
[EventCountry "DEN"]
[Source "ChessBase"]
[SourceDate "1998.11.10"]

1. e4 c5 2. c3 d5 3. exd5 Qxd5 4. d4 g6 5. Nf3 Bg7 6. Be3 Bg4 7. dxc5 Qxd1+ 8.
Kxd1 Bxf3+ 9. gxf3 Nh6 10. Bb5+ Nc6 11. Kc2 Nf5 12. Nd2 Nxe3+ 13. fxe3 O-O-O
14. Bxc6 bxc6 15. e4 Bh6 16. Nc4 Bf4 17. h3 h5 18. Rad1 h4 19. Rxd8+ Kxd8 20.
Rd1+ Kc7 21. b4 Rh5 22. Rg1 Bg3 23. Kd3 f5 24. Ne3 e6 25. Nf1 g5 26. Nxg3 hxg3
27. Rxg3 f4 28. Rg2 Rxh3 29. Rxg5 Rxf3+ 30. Kd4 Rf2 31. Rg7+ Kb8 32. Ke5 a5 33.
Kd6 axb4 34. cxb4 Rxa2 35. Kxc6 Ra6+ 36. Kb5 Ra7 37. Rg8+ Kc7 38. Rg7+ Kb8 39.
Rg8+ Kc7 40. Rf8 e5 41. Rf5 Kd8 42. c6 Ra2 43. Kb6 Rc2 44. Kb7 1-0

[Event "Herlev "]
[Site "Herlev"]
[Date "1997.??.??"]
[Round "8"]
[White "Rugholm, Lars"]
[Black "Henrichsen, Jens"]
[Result "1-0"]
[WhiteElo "2030"]
[BlackElo "2100"]
[PlyCount "73"]
[EventDate "1997.??.??"]
[EventType "swiss"]
[EventRounds "9"]
[EventCountry "DEN"]
[Source "ChessBase"]
[SourceDate "1998.11.10"]

1. f4 c5 2. Nf3 Nc6 3. b3 Nf6 4. Bb2 g6 5. e3 Bg7 6. Be2 O-O 7. O-O d6 8. Qe1
Bg4 9. Qh4 Bxf3 10. Bxf3 Qd7 11. Nc3 a6 12. Ne2 d5 13. d3 Nb4 14. Rfc1 Qe6 15.
Be5 Nc6 16. d4 Ne8 17. Bg4 f5 18. Bf3 Nf6 19. Qe1 Nxe5 20. dxe5 Ne4 21. c4 Rfd8
22. cxd5 Rxd5 23. Bxe4 fxe4 24. Nc3 Rd3 25. Nxe4 Qd5 26. Nxc5 Rd2 27. Ne4 Rb2
28. Nf2 Rf8 29. Rd1 Qb5 30. Rd2 Rxd2 31. Qxd2 g5 32. g3 Qb6 33. Rd1 Rc8 34. Qd7
Rc2 35. e6 Qxe3 36. Qe8+ Bf8 37. Qf7+ 1-0

[Event "Herlev "]
[Site "Herlev"]
[Date "1997.??.??"]
[Round "4"]
[White "Rugholm, Lars"]
[Black "Sperber, Lennart"]
[Result "1-0"]
[WhiteElo "2030"]
[BlackElo "1875"]
[PlyCount "69"]
[EventDate "1997.??.??"]
[EventType "swiss"]
[EventRounds "9"]
[EventCountry "DEN"]
[Source "ChessBase"]
[SourceDate "1998.11.10"]

1. e4 c5 2. Nc3 Nc6 3. f4 d6 4. Bb5 Bd7 5. Nf3 e6 6. O-O Nge7 7. b3 a6 8. Bxc6
Nxc6 9. Bb2 Qc7 10. f5 O-O-O 11. fxe6 fxe6 12. Ng5 Re8 13. Qh5 h6 14. Nf7 Rg8
15. e5 d5 16. Ne2 Nd8 17. Nd6+ Bxd6 18. exd6 Qxd6 19. Be5 Qe7 20. Bg3 e5 21.
Nc3 Bc6 22. Rae1 e4 23. Nxd5 Bxd5 24. Qxd5 Qd7 25. Qxc5+ Nc6 26. c3 Re6 27. a4
Rge8 28. b4 Qe7 29. Qf5 b6 30. Rxe4 Kb7 31. Rxe6 Qxe6 32. b5 axb5 33. axb5 Ne5
34. Qe4+ Kc8 35. Re1 1-0

[Event "Herlev "]
[Site "Herlev"]
[Date "1997.??.??"]
[Round "6"]
[White "Rugholm, Lars"]
[Black "Lund, Silas"]
[Result "0-1"]
[WhiteElo "2030"]
[BlackElo "2120"]
[PlyCount "48"]
[EventDate "1997.??.??"]
[EventType "swiss"]
[EventRounds "9"]
[EventCountry "DEN"]
[Source "ChessBase"]
[SourceDate "1998.11.10"]

1. e4 e6 2. d4 d5 3. Nd2 Nf6 4. e5 Nfd7 5. Bd3 c5 6. c3 Nc6 7. Ne2 f6 8. Nf4
fxe5 9. Nxe6 Qe7 10. Qh5+ g6 11. Bxg6+ hxg6 12. Qxg6+ Qf7 13. Nc7+ Ke7 14.
Qxf7+ Kxf7 15. Nxa8 Bd6 16. dxc5 Nxc5 17. O-O e4 18. g3 Bh3 19. Rd1 Bg4 20. f3
exf3 21. Nxf3 Bxf3 22. Rf1 Ne5 23. Bf4 Ncd3 24. Bxe5 Nxe5 0-1

[Event "Herlev "]
[Site "Herlev"]
[Date "1997.??.??"]
[Round "1"]
[White "Rugholm, Lars"]
[Black "Hartvig, Ove Weiss"]
[Result "0-1"]
[WhiteElo "2000"]
[BlackElo "2290"]
[PlyCount "58"]
[EventDate "1997.??.??"]
[EventType "swiss"]
[EventRounds "9"]
[EventCountry "DEN"]
[Source "ChessBase"]
[SourceDate "1998.11.10"]

1. e4 c6 2. d4 d5 3. exd5 cxd5 4. Bd3 Nc6 5. c3 g6 6. Nf3 Nh6 7. Bf4 Qb6 8. Qb3
Qxb3 9. axb3 Bf5 10. Bb5 f6 11. c4 Kf7 12. Bxc6 bxc6 13. Nc3 g5 14. Bc7 Bc2 15.
cxd5 cxd5 16. Nxd5 e6 17. Nc3 Bb4 18. Nd2 Nf5 19. Ra4 a5 20. Bb6 Rhb8 21. Bc5
e5 22. O-O exd4 23. Bxb4 axb4 24. Rxa8 Rxa8 25. Nd5 Rb8 26. Rc1 d3 27. Kf1 Rb5
28. Ne3 Nxe3+ 29. fxe3 Ra5 0-1

[Event "Herlev "]
[Site "Herlev"]
[Date "1997.??.??"]
[Round "6"]
[White "Sorensen, Torben N"]
[Black "El Kher, Henrik"]
[Result "1-0"]
[WhiteElo "2300"]
[BlackElo "2305"]
[PlyCount "93"]
[EventDate "1997.??.??"]
[EventType "swiss"]
[EventRounds "9"]
[EventCountry "DEN"]
[Source "ChessBase"]
[SourceDate "1998.11.10"]

1. e4 c5 2. d4 cxd4 3. c3 dxc3 4. Nxc3 e6 5. Nf3 Bc5 6. Bc4 Ne7 7. O-O d6 8.
Qe2 Nbc6 9. Rd1 a6 10. a3 Ng6 11. Bg5 f6 12. Be3 Qe7 13. Rac1 O-O 14. Ba2 Bxe3
15. Qxe3 Nge5 16. Nd4 Nf7 17. Na4 Nxd4 18. Nb6 Rb8 19. Qxd4 Rd8 20. h3 Ne5 21.
Nxc8 Rbxc8 22. Rxc8 Rxc8 23. Qxd6 Qxd6 24. Rxd6 Rc1+ 25. Kh2 Kf8 26. Rxe6 b5
27. Bd5 Nc4 28. Rxa6 Nxb2 29. Ra8+ Ke7 30. Ra7+ Kd6 31. Rxg7 Ra1 32. Rxh7 Rxa3
33. Rf7 Ke5 34. f4+ Kxf4 35. Rxf6+ Ke5 36. Rb6 Ra5 37. h4 Na4 38. Rb8 Nc3 39.
Kh3 Ne2 40. Kg4 Ra3 41. Re8+ Kd6 42. Kf5 Ng3+ 43. Kg6 b4 44. h5 b3 45. Rb8 Ke5
46. Rxb3 Ra6+ 47. Kg5 1-0

[Event "Herlev "]
[Site "Herlev"]
[Date "1997.??.??"]
[Round "4"]
[White "Sorensen, Torben N"]
[Black "Christensen, Bo Garner"]
[Result "1-0"]
[WhiteElo "2295"]
[BlackElo "2265"]
[PlyCount "59"]
[EventDate "1997.??.??"]
[EventType "swiss"]
[EventRounds "9"]
[EventCountry "DEN"]
[Source "ChessBase"]
[SourceDate "1998.11.10"]

1. e4 c5 2. d4 cxd4 3. c3 dxc3 4. Nxc3 Nc6 5. Nf3 d6 6. Bc4 e6 7. O-O Be7 8.
Qe2 a6 9. Rd1 b5 10. Bb3 Ra7 11. Be3 Rd7 12. a4 Na5 13. Bxe6 fxe6 14. axb5 Bb7
15. Nd4 Kf7 16. bxa6 e5 17. axb7 Nf6 18. Nf3 Nxb7 19. Qc4+ Ke8 20. Ng5 d5 21.
exd5 Bd6 22. Nb5 Ke7 23. Ne6 Qe8 24. Ra7 Qh5 25. Re1 e4 26. Nxd6 Nxd6 27. Rxd7+
Nxd7 28. Bc5 Qe5 29. Bxd6+ Qxd6 30. Nxg7 1-0

[Event "Herlev "]
[Site "Herlev"]
[Date "1997.??.??"]
[Round "2"]
[White "Sorensen, Torben N"]
[Black "Larsen, Peter"]
[Result "0-1"]
[WhiteElo "2295"]
[BlackElo "2180"]
[PlyCount "58"]
[EventDate "1997.??.??"]
[EventType "swiss"]
[EventRounds "9"]
[EventCountry "DEN"]
[Source "ChessBase"]
[SourceDate "1998.11.10"]

1. e4 d5 2. d3 dxe4 3. dxe4 Qxd1+ 4. Kxd1 Be6 5. Ne2 Nc6 6. Nf4 O-O-O+ 7. Nd2
Bd7 8. f3 g5 9. Nh5 f5 10. exf5 Bxf5 11. Ng3 Bg6 12. Bc4 Nd4 13. Nge4 Nf6 14.
Bd3 Nd5 15. Nb3 Nxc2 16. Kxc2 Nb4+ 17. Kb1 Nxd3 18. Bd2 Nc5 19. Kc1 Nxe4 20.
fxe4 Bxe4 21. Rg1 g4 22. Nc5 Bf5 23. Re1 e6 24. Ne4 Bg7 25. Bc3 Bh6+ 26. Bd2
Rxd2 27. Nxd2 Rd8 28. Re2 Bd3 29. Rf2 Be3 0-1

[Event "Herlev "]
[Site "Herlev"]
[Date "1997.??.??"]
[Round "9"]
[White "Sperber, Lennart"]
[Black "Andersen, Ejnar"]
[Result "0-1"]
[WhiteElo "1875"]
[BlackElo "2040"]
[PlyCount "50"]
[EventDate "1997.??.??"]
[EventType "swiss"]
[EventRounds "9"]
[EventCountry "DEN"]
[Source "ChessBase"]
[SourceDate "1998.11.10"]

1. g3 f5 2. Bg2 g6 3. d3 Bg7 4. Nf3 Nf6 5. O-O O-O 6. e4 d6 7. exf5 Bxf5 8. Nh4
Bg4 9. Qe1 Nc6 10. f4 Nd4 11. Qf2 Ne2+ 12. Kh1 Nxc1 13. Rxc1 Bd7 14. Nc3 Bc6
15. Nf3 e5 16. fxe5 dxe5 17. Qe2 Qd6 18. Ng5 Bxg2+ 19. Qxg2 Ng4 20. Nge4 Qd4
21. h3 Ne3 22. Qe2 Bh6 23. Re1 Rf7 24. b3 Raf8 25. Nb5 Qd7 0-1

[Event "Herlev "]
[Site "Herlev"]
[Date "1997.??.??"]
[Round "7"]
[White "Sperber, Lennart"]
[Black "Hartung Nielsen, Jens"]
[Result "1/2-1/2"]
[WhiteElo "1875"]
[BlackElo "2235"]
[PlyCount "117"]
[EventDate "1997.??.??"]
[EventType "swiss"]
[EventRounds "9"]
[EventCountry "DEN"]
[Source "ChessBase"]
[SourceDate "1998.11.10"]

1. g3 c5 2. Bg2 g6 3. f4 Bg7 4. Nf3 Nc6 5. O-O d6 6. d3 e6 7. e4 Nge7 8. Nc3
O-O 9. Ne2 d5 10. c3 b6 11. e5 a5 12. d4 Ba6 13. Rf2 a4 14. g4 Bxe2 15. Rxe2
Qd7 16. Be3 Qa7 17. Rc2 Na5 18. Bf1 Nc4 19. Bf2 Rfd8 20. Nh4 cxd4 21. cxd4 b5
22. Rac1 Rd7 23. b3 axb3 24. axb3 Na3 25. Rc5 Qb7 26. f5 Bh6 27. R1c3 Kh8 28.
Rh3 gxf5 29. gxf5 Rg8+ 30. Kh1 exf5 31. Bd3 Rc7 32. b4 Rxc5 33. bxc5 Qa6 34.
Nxf5 Nxf5 35. Bxf5 Rg7 36. Bh4 Bg5 37. Bxg5 Rxg5 38. Rxh7+ Kg8 39. Bd3 Nc4 40.
Qf1 Qe6 41. Qf2 Kf8 42. h3 Rg8 43. c6 Nb6 44. Bxb5 Qg6 45. Rh4 Qb1+ 46. Kh2
Qxb5 47. e6 Rg7 48. Rg4 Rh7 49. Qf5 Qe2+ 50. Rg2 Qe4 51. Qxe4 dxe4 52. Rf2 e3
53. Re2 Nd5 54. Rxe3 fxe6 55. Rxe6 Rxh3+ 56. Kxh3 Nf4+ 57. Kg4 Nxe6 58. d5 Ke7
59. Kf5 1/2-1/2

[Event "Herlev "]
[Site "Herlev"]
[Date "1997.??.??"]
[Round "6"]
[White "Sperber, Lennart"]
[Black "Nielsen, Morten"]
[Result "0-1"]
[WhiteElo "1875"]
[BlackElo "2005"]
[PlyCount "40"]
[EventDate "1997.??.??"]
[EventType "swiss"]
[EventRounds "9"]
[EventCountry "DEN"]
[Source "ChessBase"]
[SourceDate "1998.11.10"]

1. g3 Nf6 2. Bg2 g6 3. d3 Bg7 4. Nf3 O-O 5. O-O d6 6. e4 e5 7. Nc3 c6 8. h3 Ne8
9. Be3 f5 10. Qd2 fxe4 11. dxe4 Bxh3 12. Bxh3 Rxf3 13. Bg5 Qc7 14. b4 Rf8 15.
b5 Qf7 16. Rab1 cxb5 17. Rxb5 Nc6 18. Qd5 Nd4 19. Rxb7 Nf3+ 20. Kg2 Qxd5 0-1

[Event "Herlev "]
[Site "Herlev"]
[Date "1997.??.??"]
[Round "7"]
[White "Stojanovski, Sandi"]
[Black "Olsen, Heini"]
[Result "1-0"]
[WhiteElo "2230"]
[BlackElo "2300"]
[PlyCount "89"]
[EventDate "1997.??.??"]
[EventType "swiss"]
[EventRounds "9"]
[EventCountry "DEN"]
[Source "ChessBase"]
[SourceDate "1998.11.10"]

1. c4 g6 2. g3 Bg7 3. Bg2 c5 4. Nc3 Nc6 5. Nf3 e5 6. O-O Nge7 7. d3 O-O 8. a3
d6 9. Rb1 f5 10. Bg5 Be6 11. Ne1 Qd7 12. Bxe7 Nxe7 13. b4 e4 14. Nd5 Bxd5 15.
cxd5 cxb4 16. Rxb4 a5 17. Rc4 b5 18. Rc1 Bb2 19. Rb1 Bxa3 20. dxe4 fxe4 21.
Bxe4 Bc5 22. e3 Rab8 23. Nd3 Qa7 24. Kg2 Nf5 25. h4 Qe7 26. Qg4 a4 27. Bxf5
Rxf5 28. e4 Rff8 29. h5 g5 30. e5 a3 31. Rfe1 Qf7 32. e6 Qe7 33. Nxc5 dxc5 34.
d6 Qxd6 35. Qxg5+ Kh8 36. h6 Qd4 37. Re2 b4 38. Rd1 Rg8 39. Qc1 Qf6 40. e7 b3
41. Re6 b2 42. Qe3 a2 43. Rxf6 b1=Q 44. Rxb1 axb1=Q 45. Rb6 1-0

[Event "Herlev "]
[Site "Herlev"]
[Date "1997.??.??"]
[Round "5"]
[White "Stojanovski, Sandi"]
[Black "Sorensen, Torben N"]
[Result "0-1"]
[WhiteElo "2230"]
[BlackElo "2300"]
[PlyCount "60"]
[EventDate "1997.??.??"]
[EventType "swiss"]
[EventRounds "9"]
[EventCountry "DEN"]
[Source "ChessBase"]
[SourceDate "1998.11.10"]

1. d4 d5 2. c4 dxc4 3. Qa4+ c6 4. Qxc4 Nf6 5. Nf3 Bf5 6. Qb3 Qb6 7. Qd1 e6 8.
Nc3 Na6 9. Nh4 Bg4 10. h3 Bh5 11. g4 Bg6 12. Nxg6 hxg6 13. Bg2 Bd6 14. e3 Rd8
15. Qe2 O-O 16. g5 Nd5 17. Ne4 Bb4+ 18. Kf1 Rfe8 19. f4 Bf8 20. Nc3 c5 21. dxc5
Nxc5 22. Qb5 Nxc3 23. Qxb6 axb6 24. bxc3 e5 25. Rb1 exf4 26. Rxb6 Nd3 27. Ke2
Bc5 28. Rxb7 Bxe3 29. Ba3 Bc5+ 30. Kd2 Bxa3 0-1

[Event "Herlev "]
[Site "Herlev"]
[Date "1997.??.??"]
[Round "1"]
[White "Stojanovski, Sandi"]
[Black "Nielsen, Morten"]
[Result "1-0"]
[WhiteElo "2210"]
[BlackElo "2005"]
[PlyCount "81"]
[EventDate "1997.??.??"]
[EventType "swiss"]
[EventRounds "9"]
[EventCountry "DEN"]
[Source "ChessBase"]
[SourceDate "1998.11.10"]

1. d4 Nf6 2. Nf3 g6 3. g3 Bg7 4. Bg2 O-O 5. O-O d6 6. c4 Nc6 7. Nc3 a6 8. d5
Na5 9. Nd2 c5 10. Qc2 Rb8 11. b3 b5 12. Bb2 Bd7 13. Rab1 Qc7 14. Ba1 bxc4 15.
bxc4 Rxb1 16. Rxb1 Rb8 17. e4 Ne8 18. Nd1 Rb4 19. Bxg7 Nxg7 20. a3 Ba4 21. Qc1
Rxb1 22. Qxb1 Qb7 23. Qxb7 Nxb7 24. Nb2 Bc2 25. f4 Na5 26. Bf1 Nb3 27. Nxb3
Bxb3 28. Kf2 Ne8 29. Ke3 Bc2 30. Bg2 Nf6 31. e5 dxe5 32. fxe5 Ng4+ 33. Kf4 Nf2
34. d6 exd6 35. exd6 Kf8 36. Bb7 a5 37. Ke5 Ng4+ 38. Kd5 Nxh2 39. Kc6 Nf3 40.
d7 Ba4+ 41. Nxa4 1-0